| 000 | 00486nam a2200133Ia 4500 | ||
|---|---|---|---|
| 003 | GCL | ||
| 008 | 140319s9999 xx 000 0 ara d | ||
| 040 |
_aGCL / _cGCL |
||
| 082 | 0 | 4 |
_a301.363 _bم ط |
| 100 | 1 | _aالمعهد العربى لانماء المدن | |
| 245 | 1 | 0 |
_aظاهرة السكن العشوائى فى بلدان العالم الثالث: اسبابها واثارها السلبية / _cالمعهد العربى لانماء المدن |
| 300 | _a309 ص | ||
| 490 | _a | ||
| 999 |
_c37926 _d37926 |
||